[Event "Mondiale Lampo FIDE 2017"]
[Site "Riyadh"]
[Date "29.12.2017"]
[Round "4.20"]
[White "Almasi, Zoltan"]
[Black "Salgado Lopez, Ivan"]
[Result "1/2-1/2"]
[WhiteTitle "GM"]
[BlackTitle "GM"]
[WhiteElo "2682"]
[BlackElo "2644"]
[WhiteFideId "702293"]
[BlackFideId "2257327"]
[EventDate "2017.12.29"]

1. Nf3 Nf6 2. c4 b6 3. d4 e6 4. g3 Bb7 5. Bg2 Bb4+ 6. Bd2 a5 7. O-O O-O 8. Bf4
Be7 9. Nc3 Ne4 10. Qc2 Nxc3 11. Qxc3 Be4 12. Rfd1 d6 13. Qe3 f5 14. Ng5 Bxg5 15.
Bxg5 Qd7 16. Bxe4 fxe4 17. Qxe4 Nc6 18. Be3 Rae8 19. Rac1 Ne7 20. Qd3 Nf5 21.
Bf4 Qf7 22. Rf1 e5 23. dxe5 dxe5 24. Bd2 Nd4 25. Bc3 c5 26. Bxd4 exd4 27. Rce1
Rd8 28. b3 Rfe8 29. Rd1 Rc8 30. Rfe1 Rf8 31. f4 Qf6 32. e4 dxe3 33. Qxe3 Rcd8
34. Rxd8 Rxd8 35. Re2 Kf7 36. Qe4 Qd4+ 37. Qxd4 Rxd4 38. Kf2 Rd3 39. Ke1 a4 40.
Rd2 Rc3 41. Rd7+ Kf8 42. Kd2 Rf3 43. Ke2 Rc3 44. Kd2 Rf3 45. Ke2 Rc3 46. Kd2 Rf3
47. bxa4 Ra3 48. Rb7 Rxa4 49. Kd3 Rxa2 50. Rxb6 Rxh2 51. Rc6 Rg2 52. Rxc5 Rxg3+
53. Ke4 Kf7 54. Rc7+ Kf6 55. Rc6+ Kf7 56. c5 h5 57. Rd6 Rc3 58. c6 h4 59. Rd7+
Kf6 60. Rd6+ Kf7 61. Rd7+ 1/2-1/2

[Event "Mondiale Lampo FIDE 2017"]
[Site "Riyadh"]
[Date "29.12.2017"]
[Round "4.22"]
[White "Savchenko, Boris"]
[Black "Pantsulaia, Levan"]
[Result "1-0"]
[WhiteTitle "GM"]
[BlackTitle "GM"]
[WhiteElo "2566"]
[BlackElo "2612"]
[WhiteFideId "4147332"]
[BlackFideId "13602071"]
[EventDate "2017.12.29"]

1. e4 c6 2. d4 d5 3. Nc3 a6 4. h3 dxe4 5. Nxe4 Bf5 6. Qf3 e6 7. Bd3 Bg6 8. Ne2
Nf6 9. Bg5 Be7 10. Bxf6 Bxf6 11. O-O-O Be7 12. Kb1 Nd7 13. Nf4 Qb6 14. Nxg6 hxg6
15. c3 Nf6 16. Ng5 O-O 17. h4 c5 18. dxc5 Qxc5 19. Bxg6 fxg6 20. Nxe6 Qf5+ 21.
Qxf5 gxf5 22. Nxf8 Bxf8 23. Rhe1 Kf7 24. Re5 g6 25. f3 Rc8 26. a4 Rc6 27. Ka2
Bd6 28. Re2 Bg3 29. Rd4 Rc7 30. Kb3 Nd7 31. Rb4 Nc5+ 32. Kc2 Ne6 33. Kb3 Rd7 34.
Kc2 Nf4 35. Rd2 Nd5 36. Rbd4 Ke6 37. Re2+ Kf6 38. Kb3 Nb6 39. Rxd7 Nxd7 40. Kc4
Nb6+ 41. Kb4 Bxh4 42. a5 Nd7 43. Kc4 Bg3 44. Kd5 Nb8 45. b4 Bc7 46. Re8 Kf7 47.
Rc8 Bg3 48. Rh8 Nd7 49. Rh7+ Ke8 50. Rg7 Be1 51. Kd6 Bg3+ 52. Ke6 Nf8+ 53. Kd5
Nd7 54. Rxg6 Be1 55. Re6+ 1-0

[Event "Mondiale Lampo FIDE 2017"]
[Site "Riyadh"]
[Date "29.12.2017"]
[Round "4.23"]
[White "Adhiban, Baskaran"]
[Black "Cheparinov, Ivan"]
[Result "0-1"]
[WhiteTitle "GM"]
[BlackTitle "GM"]
[WhiteElo "2655"]
[BlackElo "2710"]
[WhiteFideId "5018471"]
[BlackFideId "2905540"]
[EventDate "2017.12.29"]

1. e4 e5 2. Qh5 Nc6 3. Bc4 g6 4. Qd1 Bg7 5. d3 Nf6 6. Nc3 d6 7. f4 Be6 8. Bb5
O-O 9. Bxc6 bxc6 10. fxe5 Ng4 11. Nf3 Nxe5 12. O-O f5 13. h3 Rb8 14. Nxe5 Bxe5
15. d4 Bg7 16. exf5 Bxf5 17. b3 Qh4 18. Rf4 Qe7 19. Rf2 Rbe8 20. Bf4 g5 21. Bc1
Qe1+ 22. Qxe1 Rxe1+ 23. Kh2 Bxd4 24. Rf3 Be5+ 25. g3 Bxc2 26. Rxf8+ Kxf8 27. Bb2
Rxa1 28. Bxa1 Kf7 29. Kg2 h5 30. Bb2 Ke6 31. Na4 Be4+ 32. Kf2 h4 33. gxh4 gxh4
34. Bxe5 Kxe5 35. b4 Bf5 36. Kg2 Kd4 37. a3 Bc2 38. Nb2 Kc3 0-1

[Event "Mondiale Lampo FIDE 2017"]
[Site "Riyadh"]
[Date "29.12.2017"]
[Round "4.24"]
[White "Movsesian, Sergei"]
[Black "Esipenko, Andrey"]
[Result "0-1"]
[WhiteTitle "GM"]
[BlackTitle "FM"]
[WhiteElo "2647"]
[BlackElo "2564"]
[WhiteFideId "310204"]
[BlackFideId "24175439"]
[EventDate "2017.12.29"]

1. Nf3 Nf6 2. g3 b5 3. Bg2 Bb7 4. O-O e6 5. d3 Be7 6. e4 O-O 7. Re1 d5 8. e5
Nfd7 9. Nbd2 c5 10. Nf1 Nc6 11. h4 b4 12. N1h2 a5 13. Bg5 a4 14. a3 bxa3 15.
bxa3 Nb6 16. Rb1 Rb8 17. Ng4 d4 18. Nd2 Nd5 19. Ne4 Qc7 20. Qd2 Kh8 21. Bxe7
Ncxe7 22. Rb5 Nf5 23. h5 h6 24. Kh2 c4 25. Rc5 Qe7 26. Rxc4 Qxa3 27. Nc5 Bc6 28.
Nxe6 fxe6 29. Rxc6 Qe7 30. Ra6 Nc3 31. Be4 a3 32. Bxf5 Rxf5 33. Kg2 Rxh5 34. f3
a2 35. Ra1 Rf5 36. Qf2 Qd7 37. Qd2 Kh7 38. Nf2 Rb1 39. R1xa2 Nxa2 40. Rxa2 Qd5 0-1

[Event "Mondiale Lampo FIDE 2017"]
[Site "Riyadh"]
[Date "29.12.2017"]
[Round "4.25"]
[White "Akobian, Varuzhan"]
[Black "Al Jabri, Mohammed Ali"]
[Result "1-0"]
[WhiteTitle "GM"]
[WhiteElo "2647"]
[BlackElo "2154"]
[WhiteFideId "13300580"]
[BlackFideId "7604734"]
[EventDate "2017.12.29"]

1. d4 d5 2. c4 Bf5 3. Nc3 e6 4. Nf3 c6 5. Bf4 Nf6 6. e3 Bd6 7. Bg3 O-O 8. Rc1
Bxg3 9. hxg3 Nbd7 10. Bd3 Bxd3 11. Qxd3 h6 12. O-O Re8 13. Rfd1 Qe7 14. a3 a5
15. Rb1 Rad8 16. cxd5 exd5 17. b4 axb4 18. axb4 Ne4 19. b5 Ra8 20. bxc6 bxc6 21.
Qc2 Qd6 22. Nxe4 Rxe4 23. Rdc1 Re6 24. Rb3 Ra6 25. Rb7 g6 26. Ne1 Nb6 27. Nd3
Re7 28. Rxe7 Qxe7 29. Qxc6 Qa7 30. Qe8+ Kg7 31. Ne5 Qb7 32. Kh2 Ra8 33. Qb5 Qa7
34. Rc6 Na4 35. Qxd5 Nc3 36. Qc4 Ne4 37. Rc7 Qa2 38. Rxf7+ 1-0

[Event "Mondiale Lampo FIDE 2017"]
[Site "Riyadh"]
[Date "29.12.2017"]
[Round "4.26"]
[White "Meier, Georg"]
[Black "Al-Sayed, Mohammed"]
[Result "1-0"]
[WhiteTitle "GM"]
[BlackTitle "GM"]
[WhiteElo "2650"]
[BlackElo "2511"]
[WhiteFideId "4675789"]
[BlackFideId "12100196"]
[EventDate "2017.12.29"]

1. Nf3 d5 2. g3 c6 3. Bg2 Bg4 4. h3 Bh5 5. c4 e6 6. O-O Nd7 7. cxd5 exd5 8. d3
Ngf6 9. Nc3 Bc5 10. Qc2 O-O 11. e3 Re8 12. Ne2 Bd6 13. Nf4 Bxf3 14. Bxf3 Ne5 15.
Bg2 Qd7 16. e4 Ng6 17. Nxg6 hxg6 18. Bg5 Be5 19. Be3 Rad8 20. Rad1 Bb8 21. Rfe1
Qe6 22. a3 a6 23. Bb6 Rc8 24. Bd4 Qd7 25. Bc3 Ba7 26. e5 Nh7 27. d4 Nf8 28. h4
Qf5 29. Qe2 Rcd8 30. Kh2 Qh5 31. Bf3 Qh7 32. Kg2 Ne6 33. Bg4 c5 34. dxc5 Bxc5
35. Bxe6 fxe6 36. Bd4 Bxd4 37. Rxd4 Qh5 38. Rb4 Qxe2 39. Rxe2 b5 40. a4 Rb8 41.
axb5 Rxb5 42. Rxb5 axb5 43. Rc2 Ra8 44. Rc5 Ra4 45. Rxb5 Re4 46. f4 Re2+ 47. Kf3
Re1 48. Rb7 d4 49. b3 Kf8 50. Rd7 Re3+ 51. Kg4 Rxb3 52. Rxd4 Rb7 53. Rd6 Kf7 54.
Ra6 Rc7 55. Kg5 Rd7 56. Rd6 Rc7 57. Rb6 Rd7 58. g4 Ra7 59. Rc6 Rb7 60. Ra6 Rc7
61. h5 gxh5 62. Kxh5 Rb7 63. Kg5 Re7 64. Rb6 Rc7 65. f5 exf5 66. gxf5 Rc1 67.
e6+ Kf8 68. Rb8+ Ke7 69. Rb7+ Kf8 70. Rf7+ Kg8 71. Kf4 Re1 72. Rd7 Kf8 73. Rc7
Re2 74. Rc4 Ke7 75. Rc7+ Kf8 76. Rb7 Re1 77. Rb8+ Ke7 78. Rg8 Rg1 79. Ke5 Re1+
80. Kf4 Rf1+ 81. Ke4 Re1+ 82. Kd3 Rg1 83. Ke3 Kf6 84. Rf8+ Ke7 85. Rf7+ Ke8 86.
Kf4 g6 87. f6 Re1 88. Re7+ Kf8 89. Kg5 Rg1+ 90. Kh6 Rh1+ 91. Kxg6 Rg1+ 92. Kf5
Rf1+ 93. Ke5 Re1+ 94. Kd4 Rd1+ 95. Ke3 Rf1 96. Rf7+ Ke8 97. Ke2 Rf5 98. Kd3 Re5
99. Re7+ Kf8 100. Kd4 Re1 101. Rf7+ Ke8 102. Kd5 Rd1+ 103. Ke4 Re1+ 104. Kf5
Rf1+ 105. Kg6 Rg1+ 106. Kh7 Rh1+ 107. Kg8 Rg1+ 108. Rg7 Rf1 109. f7+ 1-0

[Event "Mondiale Lampo FIDE 2017"]
[Site "Riyadh"]
[Date "29.12.2017"]
[Round "4.28"]
[White "Grigoriants, Sergey"]
[Black "Nguyen, Ngoc Truong Son"]
[Result "1-0"]
[WhiteTitle "GM"]
[BlackTitle "GM"]
[WhiteElo "2561"]
[BlackElo "2630"]
[WhiteFideId "4130804"]
[BlackFideId "12401110"]
[EventDate "2017.12.29"]

1. e4 e5 2. Nf3 Nf6 3. Nxe5 d6 4. Nf3 Nxe4 5. d4 d5 6. Bd3 Nc6 7. O-O Be7 8. c4
Nb4 9. Be2 O-O 10. a3 Nc6 11. Nc3 Nxc3 12. bxc3 Bf5 13. Re1 Re8 14. Ra2 Na5 15.
cxd5 Qxd5 16. Rb2 b6 17. Ne5 Rad8 18. Rb5 c5 19. Rxa5 bxa5 20. Bc4 Qb7 21. Nxf7
Kf8 22. Nxd8 Rxd8 23. Be3 Bf6 24. h3 cxd4 25. cxd4 Bg6 26. d5 Bf7 27. Qd3 Kg8
28. Rd1 Qc7 29. Bb3 a4 30. d6 Qd7 31. Bxf7+ Kxf7 32. Qxh7 Qe6 33. Qh5+ Kg8 34.
Qc5 Qb3 35. Qd5+ Qxd5 36. Rxd5 Kf7 37. Ra5 Rxd6 38. Rxa7+ Ke6 39. Rxa4 Be5 40.
g3 Rd3 41. Ra6+ Kd5 42. Kg2 Bd6 43. a4 Ra3 44. Ra5+ Kc6 45. Ra6+ Kd5 46. h4 Be5
47. Kf3 Bd4 48. Ra8 Ke6 49. Ke4 Bf6 50. a5 Ra4+ 51. Kf3 Kf5 52. a6 1-0

[Event "Mondiale Lampo FIDE 2017"]
[Site "Riyadh"]
[Date "29.12.2017"]
[Round "4.29"]
[White "Aronian, Levon"]
[Black "Georgiev, Kiril"]
[Result "1-0"]
[WhiteTitle "GM"]
[BlackTitle "GM"]
[WhiteElo "2805"]
[BlackElo "2623"]
[WhiteFideId "13300474"]
[BlackFideId "2900017"]
[EventDate "2017.12.29"]

1. c4 Nf6 2. Nc3 c5 3. g3 e6 4. Nf3 b6 5. Bg2 Bb7 6. O-O Be7 7. Re1 d5 8. cxd5
exd5 9. d4 O-O 10. Bf4 Na6 11. Rc1 h6 12. dxc5 bxc5 13. Ne5 Nc7 14. Nd3 Ne6 15.
Be5 Qd7 16. Bxf6 Bxf6 17. Na4 Qe7 18. Naxc5 Nxc5 19. Nxc5 Bxb2 20. Rc2 Rab8 21.
Nxb7 Rxb7 22. Bxd5 Rb6 23. e4 Be5 24. Qf3 Rb2 25. Rxb2 Bxb2 26. Re2 Be5 27. h4
Rc8 28. Qf5 Rc7 29. Bxf7+ Qxf7 30. Qxe5 Rd7 31. Kg2 Rd3 32. Qf5 Qxf5 33. exf5
Ra3 34. g4 Kf7 35. h5 Kf6 36. f3 Kg5 37. Kg3 Kf6 38. Rc2 Kf7 39. Rc7+ Kf6 40.
Rc2 a5 41. Re2 Kf7 42. Kf4 Kf6 43. Re6+ Kf7 44. Re2 Kf6 45. Kg3 Kf7 46. Rf2 Kf6
47. Kh4 Ke5 48. f4+ Kf6 49. Re2 Ra4 50. Kg3 Ra3+ 51. Kf2 Kf7 52. g5 hxg5 53.
fxg5 Rh3 54. Re5 Rxh5 55. g6+ Kf6 56. Rxa5 Rh3 57. Ke2 Rg3 58. Kd2 Rf3 59. a4
Ra3 60. Kc2 Rf3 61. Rb5 Rf2+ 62. Kb3 Rf4 63. a5 Rf1 64. Kb4 Ra1 65. Rc5 Rb1+ 66.
Kc4 Ra1 67. Kb5 Kg5 68. Kb6 1-0

[Event "Mondiale Lampo FIDE 2017"]
[Site "Riyadh"]
[Date "29.12.2017"]
[Round "4.30"]
[White "Fressinet, Laurent"]
[Black "Nepomniachtchi, Ian"]
[Result "1/2-1/2"]
[WhiteTitle "GM"]
[BlackTitle "GM"]
[WhiteElo "2662"]
[BlackElo "2729"]
[WhiteFideId "608742"]
[BlackFideId "4168119"]
[EventDate "2017.12.29"]

1. Nf3 Nf6 2. g3 d5 3. Bg2 g6 4. c4 Bg7 5. O-O O-O 6. cxd5 Nxd5 7. d4 c5 8. Nc3
Nxc3 9. bxc3 Nc6 10. Be3 Be6 11. dxc5 Bxc3 12. Rb1 Qc7 13. Qc2 Bg7 14. Bf4 Qc8
15. Rfd1 Bf5 16. e4 Bg4 17. Be3 Ne5 18. Qe2 f5 19. Bf4 fxe4 20. Qxe4 Bf5 21.
Qxb7 Bxb1 22. Qxb1 Rb8 23. Qe4 Rxf4 24. Qxf4 Qxc5 25. Nxe5 Bxe5 26. Qe4 Rb2 27.
Qd5+ Qxd5 28. Bxd5+ Kg7 29. Bb3 Bd6 30. Rc1 a5 31. Rc2 Rxc2 1/2-1/2

[Event "Mondiale Lampo FIDE 2017"]
[Site "Riyadh"]
[Date "29.12.2017"]
[Round "4.31"]
[White "Onischuk, Vladimir"]
[Black "Svidler, Peter"]
[Result "0-1"]
[WhiteTitle "GM"]
[BlackTitle "GM"]
[WhiteElo "2637"]
[BlackElo "2765"]
[WhiteFideId "14114038"]
[BlackFideId "4102142"]
[EventDate "2017.12.29"]

1. e4 c5 2. Nf3 e6 3. b3 a6 4. Bb2 Nc6 5. c4 Nf6 6. e5 Ng4 7. h3 Nh6 8. g4 d6 9.
Bg2 dxe5 10. Nxe5 Nxe5 11. Bxe5 f6 12. Bb2 Nf7 13. d4 cxd4 14. Qxd4 Qc7 15. Nc3
Bd6 16. O-O-O O-O 17. Kb1 Be5 18. Qe4 Rb8 19. Qc2 b5 20. cxb5 axb5 21. Be4 Ng5
22. Bd3 Bb7 23. h4 Bxh1 24. hxg5 Bf3 25. Bxh7+ Kh8 26. Bg6 b4 27. Qd3 fxg5 28.
Rh1+ Bh2 29. Ne4 Rbd8 30. Qc4 Qf4 31. Qxb4 Bxh1 32. Qe7 Bxe4+ 0-1

[Event "Mondiale Lampo FIDE 2017"]
[Site "Riyadh"]
[Date "29.12.2017"]
[Round "4.32"]
[White "Harikrishna, Pentala"]
[Black "Rapport, Richard"]
[Result "1-0"]
[WhiteTitle "GM"]
[BlackTitle "GM"]
[WhiteElo "2744"]
[BlackElo "2707"]
[WhiteFideId "5007003"]
[BlackFideId "738590"]
[EventDate "2017.12.29"]

1. Nf3 Nf6 2. g3 b6 3. Bg2 Bb7 4. O-O g6 5. b4 Bg7 6. Bb2 O-O 7. c4 Na6 8. a3 c5
9. Qb3 d5 10. Nh4 e6 11. Nc3 dxc4 12. Qxc4 Bxg2 13. Kxg2 Qxd2 14. Rab1 Nc7 15.
Rfd1 Qg5 16. Nf3 Qh5 17. h3 g5 18. bxc5 Rac8 19. c6 g4 20. hxg4 Qxg4 21. Qxg4
Nxg4 22. Ne4 Bxb2 23. Rxb2 Nd5 24. Rc1 Rc7 25. Nd4 a6 26. a4 Rd8 27. Rb3 f5 28.
Nxe6 fxe4 29. Nxd8 Re7 30. Rd1 Re5 31. Rxd5 Rxd5 32. Ne6 Rd6 33. c7 Rc6 34. Rxb6 1-0

[Event "Mondiale Lampo FIDE 2017"]
[Site "Riyadh"]
[Date "29.12.2017"]
[Round "4.33"]
[White "Ponkratov, Pavel"]
[Black "Salem, A.R. Saleh"]
[Result "0-1"]
[WhiteTitle "GM"]
[BlackTitle "GM"]
[WhiteElo "2613"]
[BlackElo "2638"]
[WhiteFideId "4157800"]
[BlackFideId "9301348"]
[EventDate "2017.12.29"]

1. e4 c5 2. Nf3 d6 3. d4 cxd4 4. Nxd4 Nf6 5. Nc3 a6 6. Be3 Ng4 7. Bg5 h6 8. Bh4
g5 9. Bg3 Bg7 10. h3 Ne5 11. f3 Nbc6 12. Bf2 Be6 13. Qd2 Rc8 14. Nd5 b5 15. c3
Bxd5 16. exd5 Nxd4 17. Bxd4 Kf8 18. h4 g4 19. f4 Nc4 20. Bxg7+ Kxg7 21. Qd4+ Kg8
22. b3 Nb6 23. O-O-O Rc5 24. Qe4 Nd7 25. Kb2 Nf6 26. Qe2 h5 27. g3 Qc7 28. Bg2
Rxc3 29. Rc1 b4 30. Qxa6 Kg7 31. Qe2 Rc8 32. Qd2 Qa5 33. Kb1 R8c5 34. Rhe1 Rxg3
35. Rxe7 Rxc1+ 36. Kxc1 Qc5+ 37. Kb2 Qc3+ 38. Qxc3 bxc3+ 39. Kc2 Rxg2+ 0-1

[Event "Mondiale Lampo FIDE 2017"]
[Site "Riyadh"]
[Date "29.12.2017"]
[Round "4.34"]
[White "Kokarev, Dmitry"]
[Black "Ni, Hua"]
[Result "1/2-1/2"]
[WhiteTitle "GM"]
[BlackTitle "GM"]
[WhiteElo "2615"]
[BlackElo "2671"]
[WhiteFideId "4132181"]
[BlackFideId "8601160"]
[EventDate "2017.12.29"]

1. e4 e5 2. Nf3 Nf6 3. Nxe5 d6 4. Nf3 Nxe4 5. d4 d5 6. Bd3 Bf5 7. O-O Be7 8. Re1
O-O 9. Nbd2 Nd6 10. Nf1 c6 11. Bf4 Bxd3 12. Qxd3 Na6 13. Qb3 Rb8 14. Ng3 Nc7 15.
Bxd6 Bxd6 16. Nf5 g6 17. Nxd6 Qxd6 18. Qd3 Rfe8 19. c3 Rxe1+ 20. Rxe1 Re8 21.
Rxe8+ Nxe8 1/2-1/2

[Event "Mondiale Lampo FIDE 2017"]
[Site "Riyadh"]
[Date "29.12.2017"]
[Round "4.35"]
[White "Van Foreest, Jorden"]
[Black "Wang, Yue"]
[Result "0-1"]
[WhiteTitle "GM"]
[BlackTitle "GM"]
[WhiteElo "2629"]
[BlackElo "2690"]
[WhiteFideId "1039784"]
[BlackFideId "8601429"]
[EventDate "2017.12.29"]

1. e4 e5 2. Nf3 Nf6 3. Nc3 Bb4 4. Nd5 Nxd5 5. exd5 d6 6. Be2 O-O 7. O-O Nd7 8.
c3 Ba5 9. d4 Bb6 10. Bg5 f6 11. Be3 e4 12. Nd2 f5 13. f4 Nf6 14. c4 c6 15. dxc6
bxc6 16. Kh1 Be6 17. Rc1 a5 18. Nb1 d5 19. Nc3 dxc4 20. Qa4 Qd6 21. Bxc4 Bxc4
22. Qxc4+ Nd5 23. Bg1 Rf6 24. Rc2 h6 25. g4 Kh7 26. gxf5 Re8 27. Re2 Nxc3 28.
bxc3 Rxf5 29. Be3 Bc7 30. Rg2 Qd5 31. Qe2 Re7 32. Rg4 Ref7 33. Rfg1 Bxf4 34. c4
Qe6 35. Bxf4 Rxf4 36. R4g2 e3 37. Qd3+ Qe4 38. Qxe4+ Rxe4 39. Re2 Rf2 40. Rxf2
exf2 41. Rf1 Rxd4 42. Rxf2 Rxc4 43. Rf3 Rc2 44. Ra3 Rc5 45. Kg2 Kg6 46. Kf3 Kf6
47. Ra4 Rf5+ 48. Ke3 Rh5 49. h4 Ke6 50. Rg4 g5 51. hxg5 Rxg5 52. Rc4 Kd6 53.
Rd4+ Rd5 54. Rh4 h5 55. Rf4 Kc7 56. Rf1 h4 57. Rf7+ Rd7 58. Rf5 Rh7 59. Rxa5 Kb6
60. Ra8 h3 61. Rb8+ Ka5 62. Rb1 h2 63. Rh1 Kb4 64. Kd2 Ka3 65. Kc3 Rh4 66. Kc2
Kxa2 67. Kc3 c5 68. Kc2 Ka3 69. Kc3 Ka4 70. Ra1+ Kb5 71. Rb1+ Kc6 72. Rh1 Kd5
73. Kd3 Rh3+ 0-1

[Event "Mondiale Lampo FIDE 2017"]
[Site "Riyadh"]
[Date "29.12.2017"]
[Round "4.36"]
[White "Adly, Ahmed"]
[Black "Halkias, Stelios"]
[Result "1/2-1/2"]
[WhiteTitle "GM"]
[BlackTitle "GM"]
[WhiteElo "2637"]
[BlackElo "2571"]
[WhiteFideId "10601619"]
[BlackFideId "4201809"]
[EventDate "2017.12.29"]

1. d4 Nf6 2. Nf3 e6 3. g3 c5 4. Bg2 cxd4 5. O-O d5 6. Nxd4 e5 7. Nb3 Be6 8. c4
Nc6 9. cxd5 Nxd5 10. Bd2 Be7 11. Nc3 Nxc3 12. Bxc3 f6 13. Qc1 O-O 14. Rd1 Qb6
15. Bd5 Bxd5 16. Rxd5 Rfd8 17. Qd2 Nb4 18. Bxb4 Bxb4 19. Qd3 Be7 20. Rd1 Qe6 21.
Qc4 Rxd5 22. Rxd5 Kf7 23. e4 Rc8 24. Qb5 b6 25. Qd3 Rc7 26. Kg2 Qc6 27. Qf3 Qe6
28. Qh5+ Kf8 29. Qxh7 Qg4 30. Nd2 Rc2 31. Nf3 Bc5 32. Rxc5 bxc5 33. Qh8+ Kf7 34.
Qa8 Rxb2 35. Qxa7+ Kg8 36. Qa3 Rb4 37. Nd2 Qe2 38. Qc3 Rd4 39. Nf3 Qxe4 40. Qb3+
c4 41. Qb8+ Kh7 42. Qe8 Kh6 43. Qh8+ Kg6 44. Qe8+ Kh6 45. Qh8+ Kg6 1/2-1/2

[Event "Mondiale Lampo FIDE 2017"]
[Site "Riyadh"]
[Date "29.12.2017"]
[Round "4.37"]
[White "Jumabayev, Rinat"]
[Black "Li, Chao b"]
[Result "1-0"]
[WhiteTitle "GM"]
[BlackTitle "GM"]
[WhiteElo "2612"]
[BlackElo "2732"]
[WhiteFideId "13702661"]
[BlackFideId "8604436"]
[EventDate "2017.12.29"]

1. e4 c5 2. Nf3 d6 3. d4 cxd4 4. Qxd4 Nc6 5. Bb5 Bd7 6. Qd3 Nf6 7. O-O g6 8. c4
Bg7 9. Nc3 O-O 10. h3 a6 11. Ba4 Nb4 12. Qe2 Bxa4 13. Nxa4 Rc8 14. Bd2 Nc6 15.
Nc3 Nd7 16. Rac1 Nc5 17. b3 Ne6 18. Rfd1 Ned4 19. Nxd4 Nxd4 20. Qd3 Ne6 21. Be3
Nc5 22. Qb1 Qd7 23. Nd5 Qe6 24. Re1 h6 25. b4 Na4 26. c5 dxc5 27. bxc5 Nb2 28.
Re2 Rfd8 29. Rxb2 Bxb2 30. Qxb2 Qxe4 31. Bxh6 f6 32. Qxf6 exf6 33. Nxf6+ Kf7 34.
Nxe4 Rd4 35. Nd6+ Rxd6 36. cxd6 1-0

[Event "Mondiale Lampo FIDE 2017"]
[Site "Riyadh"]
[Date "29.12.2017"]
[Round "4.38"]
[White "Khismatullin, Denis"]
[Black "Fedorchuk, Sergey A."]
[Result "0-1"]
[WhiteTitle "GM"]
[BlackTitle "GM"]
[WhiteElo "2632"]
[BlackElo "2648"]
[WhiteFideId "4142578"]
[BlackFideId "14102536"]
[EventDate "2017.12.29"]

1. c4 e5 2. Nc3 Nc6 3. Nf3 Bc5 4. e3 d6 5. d4 exd4 6. exd4 Bb4 7. Bd2 Bxc3 8.
Bxc3 d5 9. cxd5 Qxd5 10. Ne5 Nge7 11. f3 Be6 12. Bd3 Nxe5 13. dxe5 O-O-O 14. Be2
Qc5 15. Qc1 Nd5 16. Bd2 Qb6 17. a4 Qd4 18. a5 a6 19. b3 Qxe5 20. Ra4 Bf5 21. Kf2
Rhe8 22. Re1 Qxh2 23. Bf1 Rxe1 24. Qxe1 Qd6 25. Rc4 Kb8 26. Kg1 Be6 27. Qf2 h5
28. Rd4 Qe7 29. b4 Nf6 30. b5 Rxd4 31. Qxd4 axb5 32. Bxb5 Bd7 33. Bc4 Be6 34.
Bb5 Qd6 35. Qc3 Nd5 36. Qd4 Ne7 37. Qc3 h4 38. Be3 h3 39. Bf2 hxg2 40. Kxg2 Nd5
41. Qxg7 Nf4+ 42. Kg1 Nh3+ 43. Kg2 Nxf2 44. Qh8+ Bc8 45. Be2 Nd3 46. Kf1 Nf4 47.
a6 bxa6 48. Qb2+ Bb7 49. Qh8+ Ka7 50. Bc4 Qd1+ 51. Kf2 Qc2+ 52. Kg3 Qxc4 0-1

[Event "Mondiale Lampo FIDE 2017"]
[Site "Riyadh"]
[Date "29.12.2017"]
[Round "4.39"]
[White "Tregubov, Pavel V."]
[Black "Vallejo Pons, Francisco"]
[Result "1/2-1/2"]
[WhiteTitle "GM"]
[BlackTitle "GM"]
[WhiteElo "2575"]
[BlackElo "2707"]
[WhiteFideId "4115341"]
[BlackFideId "2205530"]
[EventDate "2017.12.29"]

1. d4 d5 2. c4 dxc4 3. e3 Nf6 4. Bxc4 e6 5. Nf3 c5 6. O-O cxd4 7. exd4 Be7 8.
Nc3 O-O 9. Bf4 Nc6 10. Re1 Na5 11. Bd3 b6 12. Qe2 Bb7 13. Rad1 Rc8 14. Bb1 Nd5
15. Qd3 g6 16. Bh6 Re8 17. Ne5 Nxc3 18. bxc3 Bf6 19. Qg3 Nc4 20. Ng4 Bg7 21. Qf4
f5 22. Bxg7 Kxg7 23. Qh6+ Kg8 24. Ne5 Nxe5 25. dxe5 Qe7 26. Re3 Red8 27. Rde1
Qg7 28. Qh4 Bd5 29. h3 Rd7 30. Rd1 Rdc7 31. Qb4 Rc4 32. Qa3 f4 33. Red3 Qxe5 34.
Qxa7 Qg5 35. f3 Rxc3 36. Kh1 Rc1 37. Qxb6 Rxd1+ 38. Rxd1 Qe5 39. Be4 Bxe4 40.
Re1 Qd5 41. Rxe4 e5 42. Qb2 Rc5 43. Kh2 Kg7 44. a4 Kh6 45. Re1 Qd4 46. Qxd4 exd4
47. Ra1 d3 48. a5 d2 49. Rd1 Rc2 50. a6 Ra2 51. a7 1/2-1/2

[Event "Mondiale Lampo FIDE 2017"]
[Site "Riyadh"]
[Date "29.12.2017"]
[Round "4.40"]
[White "Eljanov, Pavel"]
[Black "Dzhumagaliev, Yan"]
[Result "1-0"]
[WhiteTitle "GM"]
[BlackTitle "FM"]
[WhiteElo "2711"]
[BlackElo "2400"]
[WhiteFideId "14102951"]
[BlackFideId "24100110"]
[EventDate "2017.12.29"]

1. Nf3 Nf6 2. g3 e6 3. Bg2 d5 4. d4 Be7 5. c4 O-O 6. O-O dxc4 7. Qc2 b5 8. a4 b4
9. Nfd2 c6 10. Nxc4 Qxd4 11. Be3 Qg4 12. Nbd2 Qh5 13. Nb3 e5 14. Bc5 Bxc5 15.
Nxc5 Bf5 16. e4 Nbd7 17. exf5 Nxc5 18. Nxe5 Ncd7 19. Nxc6 Rae8 20. Rfe1 Ng4 21.
h3 Nge5 22. g4 Qh6 23. Nxb4 Rc8 24. Qe2 g5 25. Nd5 Rc4 26. Rac1 Rxa4 27. f6 Ng6
28. Ne7+ Kh8 29. Nxg6+ Qxg6 30. Qe7 Rd4 31. Rcd1 Rd3 32. Be4 Qh6 33. Rxd3 Nxf6
34. Bg2 Ng8 35. Qe5+ f6 36. Qc5 Rb8 37. b4 a6 38. Rde3 1-0

[Event "Mondiale Lampo FIDE 2017"]
[Site "Riyadh"]
[Date "29.12.2017"]
[Round "4.41"]
[White "Al-Modiahki, Mohamad"]
[Black "Quparadze, Giga"]
[Result "0-1"]
[WhiteTitle "GM"]
[BlackTitle "GM"]
[WhiteElo "2542"]
[BlackElo "2506"]
[WhiteFideId "12100030"]
[BlackFideId "13602250"]
[EventDate "2017.12.29"]

1. e4 c5 2. Nc3 a6 3. g3 e6 4. Bg2 Nc6 5. Nge2 d6 6. d4 cxd4 7. Nxd4 Bd7 8. O-O
Be7 9. Nxc6 Bxc6 10. Qg4 h5 11. Qe2 h4 12. a4 hxg3 13. hxg3 Qa5 14. Bf4 Qh5 15.
Qxh5 Rxh5 16. Bf3 Rh8 17. Kg2 g5 18. Be3 Bf6 19. Rh1 g4 20. Bxg4 Bxc3 21. bxc3
Bxe4+ 22. Bf3 Rxh1 23. Rxh1 Bxf3+ 24. Kxf3 Kf8 25. Rb1 Rb8 26. Ba7 Rc8 27. Rxb7
Rxc3+ 28. Be3 Rc6 29. a5 Ne7 30. Rb6 f6 31. c4 Kf7 32. Ke2 Ke8 33. Kd3 Kd7 34.
Rb7+ Rc7 35. Rb6 Nc6 36. Rxa6 Nb4+ 0-1

[Event "Mondiale Lampo FIDE 2017"]
[Site "Riyadh"]
[Date "29.12.2017"]
[Round "4.42"]
[White "Omar, Noaman"]
[Black "Christiansen, Johan-Sebastian"]
[Result "0-1"]
[WhiteTitle "IM"]
[BlackTitle "IM"]
[WhiteElo "2364"]
[BlackElo "2495"]
[WhiteFideId "9300244"]
[BlackFideId "1512668"]
[EventDate "2017.12.29"]

1. d4 Nf6 2. c4 c5 3. d5 b5 4. Nd2 g6 5. e4 d6 6. Ngf3 Bg7 7. h3 O-O 8. Bd3 bxc4
9. Nxc4 Ba6 10. Qc2 Nbd7 11. O-O Nb6 12. Bd2 Rb8 13. Rab1 Nxe4 14. Na5 Bxd3 15.
Qxd3 Nxd2 16. Nxd2 Nxd5 17. Nc6 Nb4 18. Nxb4 Rxb4 19. b3 d5 20. Rbc1 Qd6 21.
Rfd1 Bh6 22. Qc2 Rd4 23. Nf3 Rxd1+ 24. Rxd1 e5 25. Qe2 e4 26. Nh2 Bg7 27. Qxe4
Qxh2+ 0-1